| 000 | 00557nam a22002297a 4500 | ||
|---|---|---|---|
| 003 | UA-OsUOA | ||
| 001 | 70916 | ||
| 007 | ta | ||
| 008 | 20100923b un ||||| |||| 00| 0 ukr d | ||
| 090 |
_a94(470) _bС18 |
||
| 942 | _cBK | ||
| 040 |
_aUA-OsUOA _brus _cUA-OsUOA _dUA-OsUOA |
||
| 245 | _aСанкт Петербург | ||
| 300 | _a183 с. | ||
| 955 | _a2 | ||
| 041 | _arus | ||
| 080 | _a94(470) | ||
| 020 | _a5-888-96-011-Х | ||
| 260 |
_aСПб _c1997 |
||
| 650 | 7 |
_a9 Географія. Біографії. Історія _2UDC |
|
| 999 |
_c357180 _d357180 |
||